| 000 | 00977cam a2200265 4500 | ||
|---|---|---|---|
| 008 | 000000n2000 000 0 eng u | ||
| 020 | _a0860175383 | ||
| 035 | _a(Sirsi) u108442 | ||
| 050 | _a693.893 | ||
| 100 | _aDill, Michael J | ||
| 245 | 2 | _aA review of testing for moisture in building elements | |
| 260 |
_aLondon _bCIRIA _c2000 |
||
| 300 | _a168p. ; 30cm. | ||
| 350 | _a90.00 | ||
| 490 |
_aCIRIA Publication _vC538 |
||
| 520 | _aA compilation of reviews of the different methods of testing for moisture in buildings. This book provides information on the different principles, characteristics, appropriate use, advantages and limitations, means of operation, interpretation of the results advantages and further key sources of reference | ||
| 650 | _aDAMP | ||
| 650 | _aCONDENSATION | ||
| 650 |
_aMeasurement _96256 |
||
| 650 | _aTESTING | ||
| 650 | _aDIAGNOSIS | ||
| 650 | _aHUMIDITY | ||
| 690 | _aBUILT ENVIRONMENT-BUILDING PATHOLOGY | ||
| 942 | _n0 | ||
| 999 |
_c100791 _d100791 |
||